Statystyki dla Nazwy państw które dostały niepodległość

Kliknij tutaj aby rozwiązać quiz!

Ogólne statystyki

  • Ten quiz został rozwiązany 224 razy
  • Średni wynik to 16 z 22

Statystyki odpowiedzi

Państwo od którego uzyskało niepodległosćRokPaństwo niepodległe% Poprawnych
Związek Radziecki (Bałtyk)1990Estonia
92%
Czechosłowacja1992Czechy
90%
Związek Radziecki1990Litwa
90%
Czechosłowacja1992Słowacja
90%
Związek Radziecki (Europa)1992Ukraina
90%
Cesarstwo Rosyjskie (Europa)1918Ukraina
90%
Związek Radziecki1990Łotwa
89%
Cesarstwo Rosyjskie (Europa)1918Białoruś
87%
Związek Radziecki (Europa)1992Białoruś
87%
Związek Radziecki (Kaukaz)1991Gruzja
85%
Niemcy (Europa)1918Polska
85%
Związek Radziecki (Kaukaz)1991Armenia
82%
Związek Radziecki (Kaukaz)1991Azerbejdżan
79%
Belgia (Afryka)1960Kongo
74%
Związek Radziecki1992Rosja
67%
Włochy (Afryka)1951Libia
63%
Francja (Afryka)1956Maroko
61%
Państwo Qiung1911Mongolia
57%
Francja (Afryka)1956Tunezja
49%
Francja (Afryka)1958Gwinea
23%
Belgia (Afryka)1962Rwanda
20%
Niemcy (Ameryka)1556Mała Wenecja
2%

Rozkład punktacji

Percentyl według liczby udzielonych odpowiedzi

Procent ludzi z każdym wynikiem

Twoja historia wyników

Nie rozwiązałeś tego quizu